| 000 | 01044 a2200301 4500 | ||
|---|---|---|---|
| 001 | 200130527 | ||
| 999 |
_c200130527 _d30738 |
||
| 003 | TR-AnTOB | ||
| 005 | 20231213142241.0 | ||
| 008 | 130910b tu 000 0 | ||
| 020 | _a9789750157905 | ||
| 040 | _aTR-AnTOB | ||
| 041 | _atur | ||
| 050 |
_aHG3752.3 _bY39 2007 |
||
| 090 | _aHG3752.3.Y39 2007 | ||
| 100 |
_aYazıcıoğlu, Adil _993166 |
||
| 245 | 1 | 0 |
_aFaktoring muhasebesi : _bBDDK'nın hazırladığı tekdüzen hesap planı ile uyumlu. / _cAdil Yazıcıoğlu. |
| 264 | 1 |
_aİstanbul: _bCSD Müşavirlik& Denetim, _c2007. |
|
| 300 |
_a391 sayfa: _btablo; _c24 cm. |
||
| 505 | _a1. Giriş -- 2. Temel muhasebe düzenlemeleri ve standartları -- 3. Faktoring şirkeletince uygulanacak tek düzen hesap planı(THP). | ||
| 650 | 7 |
_aAlacak hesapları _2etuturkob _993167 |
|
| 650 | 0 |
_aAccounts receivable _993169 |
|
| 650 | 0 |
_aFactoring (Finance) _917843 |
|
| 650 | 7 |
_aFaktoring (Finans) _2etuturkob _949018 |
|
| 650 | 0 |
_aAccounting _9165 |
|
| 650 | 7 |
_aMuhasebe _2etuturkob _9167 |
|
| 942 | _cBK | ||